000 00512cam a22001934a 4500
005 20250605164333.0
008 250528s ||||||||||||||||||||||||d
035 _a23318
020 _a9789609969819
040 _aGR-AtMCL
_bgre
_dGR-AtMCL
_eAACR2
245 1 _aΤο Τεστ των Παραμυθιών (FFT)
250 _a
260 _bΑυτοεκδοση,
_c2015
300 _a303
700 1 _aΚουλακογλου Καρινα
_96742
942 _cBK
999 _c8344
_d8344